|
|
|
|
| LEADER |
00710nam a2200181 i 4500 |
| 001 |
misc70789 |
| 005 |
20220221121938.0 |
| 008 |
220218s1936 hu o 0|| hun d |
| 040 |
|
|
|a SZTE Miscellanea Repozitórium
|b hun
|
| 041 |
|
|
|a hun
|
| 245 |
0 |
0 |
|a Báthory István az irodalomban
|h [elektronikus dokumentum] :
|b halálának 350-ik évfordulójára
|
| 260 |
|
|
|a a Báthory István Emlékbizottság
|b Budapest
|c 1936
|
| 300 |
|
|
|a 19
|c 24 cm
|
| 650 |
|
4 |
|a Bölcsészettudományok
|
| 650 |
|
4 |
|a Nyelvek és irodalom
|
| 695 |
|
|
|a Báthory István - Erdély - fejedelem, Magyarország története - 16. sz.
|
| 700 |
0 |
1 |
|a Kertész János
|
| 856 |
4 |
0 |
|u http://misc.bibl.u-szeged.hu/70789/1/bathory_istvan_350.pdf
|z Dokumentum-elérés
|